Projection-iterative methods for solution of operator equations /
Guardado en:
| Autor Principal: | |
|---|---|
| Formato: | Libro |
| Idioma: | English Russian |
| Publicado: |
Providence, R.I. :
American Mathematical Society,
1976.
|
| Series: | Translations of mathematical monographs ;
v. 46 |
| Materias: | |
| Etiquetas: |
Agregar Etiqueta
Sin Etiquetas, Sea el primero en etiquetar este registro!
|
| LEADER | 01083cam a2200265 a 4500 | ||
|---|---|---|---|
| 001 | MAT.inmabb006238 | ||
| 008 | 760512s1976####riu######b####000#0#eng## | ||
| 005 | 20170609171450.0 | ||
| 245 | 1 | 0 | |a Projection-iterative methods for solution of operator equations / |c by N.S. Kurpel' ; [translated from the Russian by Israel Program for Scientific Translations ; translation edited by R.G. Douglas]. |
| 260 | |a Providence, R.I. : |b American Mathematical Society, |c 1976. | ||
| 300 | |a 196 p. ; |c 24 cm. | ||
| 440 | 0 | |a Translations of mathematical monographs ; |v v. 46 | |
| 500 | |a Traducción de: Proektsionno-iterativnye metody resheniia operatornykh uravnenii. | ||
| 504 | |a Bibliografía: p. 183-196. | ||
| 510 | 4 | |a MR, |c 53 #8935 | |
| 020 | |a 0821815962 | ||
| 100 | 1 | |a Kurpel', Nikolai Stepanovich. | |
| 240 | 1 | 0 | |a Proektsionno-iterativnye metody. |l Inglés |
| 650 | 0 | |a Operator equations. | |
| 650 | 0 | |a Iterative methods (Mathematics) | |
| 084 | |a 47A50 (65J05 47H15) |2 MR | ||
| 010 | |a 76017114 | ||
| 040 | |a DLC |c DLC |d DLC | ||
| 041 | 1 | |a eng |h rus | |
| 859 | |h 47 |i K96 |p A-5652 |b BIB. MATEMATICA | ||
